<?xml version="1.0" encoding="UTF-8"?>
<record
    xmlns:xsi="http://www.w3.org/2001/XMLSchema-instance"
    xsi:schemaLocation="http://www.loc.gov/MARC21/slim http://www.loc.gov/standards/marcxml/schema/MARC21slim.xsd"
    xmlns="http://www.loc.gov/MARC21/slim">

  <leader>00825nab a2200229 uc4500</leader>
  <controlfield tag="001">725594</controlfield>
  <controlfield tag="005">20240917090842.0</controlfield>
  <controlfield tag="008">020314e19991001                    spa  </controlfield>
  <datafield tag="035" ind1=" " ind2=" ">
    <subfield code="a">725594</subfield>
  </datafield>
  <datafield tag="035" ind1=" " ind2=" ">
    <subfield code="a">(OCoLC)819935871</subfield>
  </datafield>
  <datafield tag="040" ind1=" " ind2=" ">
    <subfield code="c">comduadb</subfield>
  </datafield>
  <datafield tag="041" ind1=" " ind2=" ">
    <subfield code="a">spa</subfield>
  </datafield>
  <datafield tag="100" ind1="1" ind2="0">
    <subfield code="a">Lopez Fernandez, Marco Fidel</subfield>
    <subfield code="4">aut</subfield>
    <subfield code="e">aut</subfield>
    <subfield code="9">494738</subfield>
  </datafield>
  <datafield tag="245" ind1="1" ind2="0">
    <subfield code="a">Ingerencia y recuperacion de programas pedagogicos en la prevencion e intervencion de las drogas</subfield>
  </datafield>
  <datafield tag="650" ind1=" " ind2=" ">
    <subfield code="a">Drogadicci&#xF3;n - Prevenci&#xF3;n y control</subfield>
    <subfield code="9">2584</subfield>
  </datafield>
  <datafield tag="650" ind1=" " ind2=" ">
    <subfield code="a">Investigaci&#xF3;n interdisciplinaria</subfield>
    <subfield code="9">54845</subfield>
  </datafield>
  <datafield tag="650" ind1=" " ind2="7">
    <subfield code="a">Abuso de drogas</subfield>
    <subfield code="2">lemb</subfield>
    <subfield code="9">106742</subfield>
  </datafield>
  <datafield tag="650" ind1=" " ind2="7">
    <subfield code="a">Drogadicci&#xF3;n</subfield>
    <subfield code="2">lemb</subfield>
    <subfield code="9">5448</subfield>
  </datafield>
  <datafield tag="650" ind1=" " ind2=" ">
    <subfield code="a">Proyecto pedag&#xF3;gico</subfield>
    <subfield code="9">76379</subfield>
  </datafield>
  <datafield tag="773" ind1="0" ind2=" ">
    <subfield code="t">Cultura y Droga (Manizales)</subfield>
    <subfield code="g">Volumen 04, N&#xFA;mero 04, Octubre 1999, p. 21-24</subfield>
    <subfield code="w">725436</subfield>
    <subfield code="x">0122-8455</subfield>
    <subfield code="0">227630</subfield>
  </datafield>
  <datafield tag="942" ind1=" " ind2=" ">
    <subfield code="c">ARIMP</subfield>
  </datafield>
  <datafield tag="999" ind1=" " ind2=" ">
    <subfield code="c">233682</subfield>
    <subfield code="d">233682</subfield>
  </datafield>
</record>
